000
00397nam a22001697a 4500
003
MPLRDC
005
20220104113534.0
008
210129b ||||| |||| 00| 0 eng d
082
_a
782.881 LX-7
100
_a
曾庆瑞
245
_a
鲁迅评传
_c
250
_a
一版一刷
260
_a
_b
四川人民出版社
_c
1981
300
_b
平
650
_a
鲁迅传记
942
_c
BK
_o
782.881 LX-7
999
_c
428
_d
418